Campeonato Mineiro 2021 - Times participantes - Statistics

Estatísticas Gerais
  • Esse quiz foi jogado 110 vezes
  • A pontuação média é 10 de 12
Estatísticas das Respostas
Cidade Clube % Correto
Belo Horizonte América
100%
Belo Horizonte Atlético
100%
Belo Horizonte Cruzeiro
100%
Tombos Tombense
94%
Uberlândia Uberlândia
91%
Poços de Caldas Caldense
85%
Patrocínio Patrocinense
85%
Pouso Alegre Pouso Alegre
81%
Patos de Minas URT
71%
São João del-Rei Athletic
67%
Varginha Boa Esporte
64%
Contagem Coimbra
59%
Nenhum quiz correspondente encontrado
Distribuição das Pontuações
Porcentagem de Pessoas com Cada Pontuação
Percentil de Números Respondidos
Sua Pontuação Histórica
Você não jogou esse quiz